বাংলাদেশের সংবিধান ও রাজনীতি / (Record no. 38882)
[ view plain ]
| 000 -LEADER | |
|---|---|
| fixed length control field | 01002nam a2200241 a 4500 |
| 001 - CONTROL NUMBER | |
| control field | 38882 |
| 003 - CONTROL NUMBER IDENTIFIER | |
| rucl marc code | BD-RjUL |
| 005 - DATE AND TIME OF LATEST TRANSACTION | |
| control field | 20230215130013.0 |
| 008 - FIXED-LENGTH DATA ELEMENTS--GENERAL INFORMATION | |
| fixed length control field | 160425s2010 bg a|||e b||| 001 0 ben d |
| 020 ## - INTERNATIONAL STANDARD BOOK NUMBER | |
| Terms of availability | : TK.95.00 |
| 035 ## - SYSTEM CONTROL NUMBER | |
| System control number | (BD-RjUL)38992 |
| 040 ## - CATALOGING SOURCE | |
| Original cataloging agency | BD-RjUL |
| Language of cataloging | ben |
| Transcribing agency | BD-RjUL |
| 041 ## - LANGUAGE CODE | |
| Language code of text/sound track or separate title | ben |
| 082 ## - DEWEY DECIMAL CLASSIFICATION NUMBER | |
| Edition number | 23 |
| Classification number | 342.549202 |
| Author mark and year | AHB 2010 |
| 100 ## - MAIN ENTRY--PERSONAL NAME | |
| Personal name | আহমেদ, কফিল উদ্দিন |
| 9 (RLIN) | 119955 |
| 245 ## - TITLE STATEMENT | |
| Title | বাংলাদেশের সংবিধান ও রাজনীতি / |
| Statement of responsibility, etc. | কফিল উদ্দিন আহমেদ |
| 260 ## - PUBLICATION, DISTRIBUTION, ETC. (IMPRINT) | |
| Place of publication, distribution, etc. | রাজশাহী : |
| Name of publisher, distributor, etc. | সোনিয়া আহমেদ, |
| Date of publication, distribution, etc. | ২০১০ |
| 300 ## - PHYSICAL DESCRIPTION | |
| Pagination | viii, ২০৩ পৃ. : |
| Illustrations | চিত্র ; |
| Size | ২১ সেমি. |
| 504 ## - BIBLIOGRAPHY, ETC. NOTE | |
| Bibliography, etc | গ্রন্থপঞ্জি ও নির্ঘণ্ট সংযুক্ত |
| 650 ## - SUBJECT ADDED ENTRY--TOPICAL TERM | |
| Topical term or geographic name as entry element | সাংবিধানিক আইন |
| Geographic subdivision | বাংলাদেশ |
| 9 (RLIN) | 119996 |
| Topical term or geographic name as entry element | Constitutional law |
| Geographic subdivision | Bangladesh |
| 9 (RLIN) | 119708 |
| 942 ## - ADDED ENTRY ELEMENTS (KOHA) | |
| Source of classification or shelving scheme | Dewey Decimal Classification |
| Koha item type | Books |
| Lost status | Source of classification or shelving scheme | Damaged status | Not for loan | Collection code | Permanent Location | Current Location | Shelving location | Date acquired | Source of acquisition | Cost, normal purchase price | Total Checkouts | Full call number | Date last seen | Copy number | Koha item type | Date checked out |
|---|---|---|---|---|---|---|---|---|---|---|---|---|---|---|---|---|
| Dewey Decimal Classification | Not For Loan | Non-fiction | Central Library, University of Rajshahi | Central Library, University of Rajshahi | Reading Room | 12/12/2015 | Biddasagor, Rajshahi | 95.00 | B 342.549202 AHB 2010 | 25/04/2016 | C-1 | Books | ||||
| Dewey Decimal Classification | Non-fiction | Central Library, University of Rajshahi | Central Library, University of Rajshahi | 12/12/2015 | Biddasagor, Rajshahi | 95.00 | 1 | B 342.549202 AHB 2010 | 22/08/2016 | C-2 | Books | 04/08/2016 | ||||
| Dewey Decimal Classification | Non-fiction | Central Library, University of Rajshahi | Central Library, University of Rajshahi | 13 | 342.549202 AHB 2010 | 20/03/2023 | C-3 | Books | 15/02/2023 | |||||||
| Dewey Decimal Classification | Non-fiction | Central Library, University of Rajshahi | Central Library, University of Rajshahi | 24/05/2012 | Author, Rajshahi. | 95.00 | 2 | B 342.549202 AHB 2010 | 16/03/2023 | C-4 | Books | 15/02/2023 | ||||
| Dewey Decimal Classification | Non-fiction | Central Library, University of Rajshahi | Central Library, University of Rajshahi | General Stacks | 24/05/2012 | Author | 95.00 | B 342.549202 AHB 2010 | 15/02/2023 | C-5 | Books | |||||
| Dewey Decimal Classification | Non-fiction | Central Library, University of Rajshahi | Central Library, University of Rajshahi | General Stacks | 24/05/2012 | Author | 95.00 | B 342.549202 AHB 2010 | 15/02/2023 | C-6 | Books |